| 000 | 01331nam a2200325Ia 4500 | ||
|---|---|---|---|
| 001 | ebr10359350 | ||
| 003 | CaPaEBR | ||
| 006 | m u | ||
| 007 | cr cn||||||||| | ||
| 008 | 060427s2006 ncua fsb 101 0 eng d | ||
| 020 | _z0786425806 | ||
| 020 | _z9780786425808 | ||
| 040 |
_aCaPaEBR _cCaPaEBR |
||
| 035 | _a(OCoLC)565841943 | ||
| 050 | 1 | 4 |
_aPN1621 _b.T48 2005eb |
| 245 | 0 | 0 |
_aText & presentation. _p2005 _h[electronic resource] / _cedited by Stratos E. Constantinidis. |
| 260 |
_aJefferson, N.C. : _bMcFarland, _cc2006. |
||
| 300 |
_aix, 262 p. : _bill. |
||
| 490 | 1 |
_aComparative drama conference series ; _v2 |
|
| 504 | _aIncludes bibliographical references and index. | ||
| 533 |
_aElectronic reproduction. _bPalo Alto, Calif. : _cebrary, _d2013. _nAvailable via World Wide Web. _nAccess may be limited to ebrary affiliated libraries. |
||
| 650 | 0 |
_aDrama _vCongresses. |
|
| 650 | 0 |
_aTheater _vCongresses. |
|
| 655 | 7 |
_aElectronic books. _2local |
|
| 700 | 1 | _aConstantinidis, Stratos E. | |
| 710 | 2 | _aebrary, Inc. | |
| 711 | 2 |
_aComparative Drama Conference _n(29th : _d2005 : _cWoodland Hills, Los Angeles, Calif.) |
|
| 830 | 0 |
_aComparative drama conference series ; _v2. |
|
| 856 | 4 | 0 |
_uhttp://site.ebrary.com/lib/rucke/Doc?id=10359350 _zAn electronic book accessible through the World Wide Web; click to view |
| 999 |
_c104762 _d104762 |
||